[Event "Baden-ch U1800 op"]
[Site "Waldshut Tiengen"]
[Date "2014.06.19"]
[Round "3"]
[White "Heni, Norbert"]
[Black "Scheck, Clemens"]
[Result "1-0"]
[WhiteElo "1828"]
[BlackElo "1800"]
[PlyCount "49"]
[EventDate "2014.06.19"]
[EventType "swiss"]
[EventRounds "7"]
[EventCountry "GER"]
[SourceTitle "EXT 2015"]
[Source "ChessBase"]
[SourceDate "2014.11.20"]
[SourceVersion "1"]
[SourceVersionDate "2014.11.20"]
[SourceQuality "1"]

1. c4 Nf6 2. g3 g6 3. Bg2 Bg7 4. Nc3 0-0 5. e4 d6 6. d4 e5 7. d5 a5 8. Nge2 Nh5 9. 0-0 f5 10. f4 exf4 11. Nxf4 Nxf4 12. Bxf4 fxe4 13. Nxe4 Bxb2 14. Bg5 Rxf1+ 15. Qxf1 Qf8 16. Qxf8+ Kxf8 17. Bh6+ Kg8 18. Rf1 Nd7 19. Bh3 Bg7 20. Be6+ Kh8 21. Bxg7+ Kxg7 22. Rf7+ Kh6 23. Bxd7 Bxd7 24. Rxd7 Re8 25. Rxh7+ 1-0

[Event "Baden-ch op U1800"]
[Site "Birkenfeld"]
[Date "2013.05.30"]
[Round "2"]
[White "Hess, Martin"]
[Black "Scheck, Clemens"]
[Result "1/2-1/2"]
[WhiteElo "1665"]
[BlackElo "1610"]
[PlyCount "74"]
[EventDate "2013.05.30"]
[EventType "swiss"]
[EventRounds "7"]
[EventCountry "GER"]
[SourceTitle "EXT 2014"]
[Source "ChessBase"]
[SourceDate "2013.11.20"]
[SourceVersion "1"]
[SourceVersionDate "2013.11.20"]
[SourceQuality "1"]

1. e4 c5 2. b4 cxb4 3. a3 Nc6 4. d4 bxa3 5. Bxa3 d6 6. Bc4 Nf6 7. Nc3 g6 8. f4 Bg7 9. e5 dxe5 10. fxe5 Qxd4 11. Qxd4 Nxd4 12. exf6 Bxf6 13. 0-0-0 Bg4 14. Nge2 Nxe2+ 15. Nxe2 0-0 16. h3 Bf5 17. Ng3 Bg5+ 18. Kb1 Rfd8 19. Nxf5 gxf5 20. Rhe1 e6 21. c3 b5 22. Ba2 Rxd1+ 23. Rxd1 Rc8 24. Kb2 Bf6 25. Rd3 a5 26. Rg3+ Kh8 27. Kc2 b4 28. Bb2 a4 29. Kd2 a3 30. Ba1 Rb8 31. Bb3 a2 32. Kc2 Bxc3 33. Rxc3 bxc3 34. Bxc3+ Kg8 35. Bxa2 Ra8 36. Bc4 h6 37. Kd2 Kh7 1/2-1/2

[Event "Baden-ch op U1800"]
[Site "Haslach im Kinzigtal"]
[Date "2010.06.04"]
[Round "5"]
[White "Scheck, Clemens"]
[Black "Ruf, Thomas"]
[Result "1-0"]
[WhiteElo "1636"]
[BlackElo "1726"]
[PlyCount "65"]
[EventDate "2010.05.31"]
[EventType "swiss"]
[EventRounds "7"]
[EventCountry "GER"]
[SourceTitle "EXT 2011"]
[Source "ChessBase"]
[SourceDate "2010.11.26"]
[SourceVersion "1"]
[SourceVersionDate "2010.11.26"]
[SourceQuality "1"]

1. e4 e5 2. Nf3 Nc6 3. Bb5 d6 4. d4 exd4 5. Nxd4 Bd7 6. 0-0 Nge7 7. Bg5 f6 8. Be3 Nxd4 9. Bxd7+ Qxd7 10. Bxd4 Nc6 11. Nc3 Nxd4 12. Qxd4 Be7 13. Nd5 c6 14. Nxe7 Kxe7 15. Rad1 Rhd8 16. c4 Qe6 17. Rfe1 Qe5 18. Qxe5+ dxe5 19. Kf1 c5 20. Rd5 b6 21. Red1 g5 22. g4 h5 23. Rxd8 Rxd8 24. Rxd8 Kxd8 25. gxh5 Ke7 26. Kg2 Kf7 27. Kg3 Kg7 28. Kg4 Kh6 29. a3 a6 30. Kf5 Kxh5 31. Kxf6 Kg4 32. Kxe5 Kf3 33. Kf5 1-0

[Event "Baden-ch op U1800"]
[Site "Haslach im Kinzigtal"]
[Date "2010.06.02"]
[Round "3"]
[White "Merz, Raphael"]
[Black "Scheck, Clemens"]
[Result "0-1"]
[WhiteElo "1773"]
[BlackElo "1636"]
[PlyCount "33"]
[EventDate "2010.05.31"]
[EventType "swiss"]
[EventRounds "7"]
[EventCountry "GER"]
[SourceTitle "EXT 2011"]
[Source "ChessBase"]
[SourceDate "2010.11.26"]
[SourceVersion "1"]
[SourceVersionDate "2010.11.26"]
[SourceQuality "1"]

1. e4 e5 2. Nf3 Nc6 3. Bc4 Bc5 4. c3 Nf6 5. d3 d6 6. h3 Be6 7. Bb3 Qd7 8. Be3 h6 9. Nbd2 Bb6 10. Qc2 Bxe3 11. fxe3 d5 12. exd5 Bxd5 13. 0-0 0-0-0 14. d4 Rhe8 15. Bxd5 Nxd5 16. Rae1 exd4 17. exd4 0-1

[Event "Baden-ch AT1"]
[Site "Oberwinden"]
[Date "2007.04.13"]
[Round "10"]
[White "Dang, Marcel"]
[Black "Scheck, Clemens"]
[Result "1/2-1/2"]
[WhiteElo "977"]
[BlackElo "1267"]
[PlyCount "139"]
[EventDate "2007.04.06"]
[EventType "swiss"]
[EventRounds "11"]
[EventCountry "GER"]
[SourceTitle "CBM 117 Extra"]
[Source "ChessBase"]
[SourceDate "2007.05.09"]
[SourceVersion "1"]
[SourceVersionDate "2007.05.09"]
[SourceQuality "1"]

1. e4 e5 2. Nf3 Nc6 3. Nc3 Nf6 4. Bc4 Bc5 5. d3 d6 6. Bg5 Be6 7. Nd5 h6 8. Bxf6 gxf6 9. c3 Bxd5 10. exd5 Ne7 11. d4 Bb6 12. Qa4+ Qd7 13. Qxd7+ Kxd7 14. dxe5 fxe5 15. Rf1 Rag8 16. g3 Ng6 17. 0-0-0 f5 18. Nd2 h5 19. h4 Ne7 20. Nf3 Rg4 21. Be2 Rgg8 22. Ng5 Ke8 23. c4 e4 24. f4 a5 25. b3 Ng6 26. Rde1 Nf8 27. Kb1 Ke7 28. Rh1 Rh6 29. Bf1 Bf2 30. Re2 Bxg3 31. Bh3 Rhh8 32. Bxf5 Bxf4 33. Rxe4+ Be5 34. Rhe1 Kf6 35. Rf1 Ke7 36. Nf3 Ng6 37. Kc2 Rh6 38. Bxg6 Rgxg6 39. Nxe5 dxe5 40. Rxe5+ Kd6 41. Rff5 Rg2+ 42. Kd3 Rg3+ 43. Kd4 Rg4+ 44. Re4 Rg2 45. Re6+ Rxe6 46. dxe6 Kxe6 47. Rxh5 Rxa2 48. Re5+ Kf6 49. h5 Rh2 50. Rxa5 Rh4+ 51. Kc3 b6 52. Rb5 Ke6 53. Rg5 Rh3+ 54. Kb4 c5+ 55. Ka3 Kd7 56. Rg7+ Kc8 57. Rg6 Rxh5 58. Rxb6 Kc7 59. Rb5 Kc6 60. b4 cxb4+ 61. Kxb4 Rxb5+ 62. cxb5+ Kb6 63. Kc4 Kb7 64. Kc5 Kc7 65. b6+ Kb7 66. Kb5 Kb8 67. Ka6 Ka8 68. Kb5 Kb7 69. Kc5 Kb8 70. Kc6 1/2-1/2

[Event "Baden-ch AT1"]
[Site "Oberwinden"]
[Date "2007.04.11"]
[Round "8"]
[White "Kahl, Christoph"]
[Black "Scheck, Clemens"]
[Result "1-0"]
[WhiteElo "1315"]
[BlackElo "1267"]
[PlyCount "74"]
[EventDate "2007.04.06"]
[EventType "swiss"]
[EventRounds "11"]
[EventCountry "GER"]
[SourceTitle "CBM 117 Extra"]
[Source "ChessBase"]
[SourceDate "2007.05.09"]
[SourceVersion "1"]
[SourceVersionDate "2007.05.09"]
[SourceQuality "1"]

1. e4 e5 2. Nf3 Nc6 3. Nc3 Nf6 4. d4 exd4 5. Nxd4 Bb4 6. Bd2 Nxd4 7. a3 Nxe4 8. Nxe4 Bxd2+ 9. Qxd2 Nc6 10. Bd3 0-0 11. 0-0-0 Ne5 12. f4 Nxd3+ 13. Qxd3 h6 14. g4 d6 15. g5 Bf5 16. gxh6 d5 17. Qg3 g6 18. h7+ Kxh7 19. Ng5+ Kg7 20. Qh4 Rh8 21. Qg3 Qd6 22. h4 Qc6 23. Rd2 Rh5 24. Re1 Qc5 25. Nf3 c6 26. Nd4 a5 27. Re5 Kf6 28. Nxf5 gxf5 29. Qd3 Rg8 30. Rd1 Rg1 31. Qh3 Rxd1+ 32. Kxd1 Qg1+ 33. Kd2 Qf2+ 34. Re2 Qxh4 35. Qc3+ Kg6 36. Rg2+ Qg4 37. Rxg4+ fxg4 1-0

[Event "Baden-ch AT1"]
[Site "Oberwinden"]
[Date "2007.04.10"]
[Round "6"]
[White "Scheck, Clemens"]
[Black "Soavi, Carlo Maria"]
[Result "1/2-1/2"]
[WhiteElo "1267"]
[BlackElo "1457"]
[PlyCount "55"]
[EventDate "2007.04.06"]
[EventType "swiss"]
[EventRounds "11"]
[EventCountry "GER"]
[SourceTitle "CBM 117 Extra"]
[Source "ChessBase"]
[SourceDate "2007.05.09"]
[SourceVersion "1"]
[SourceVersionDate "2007.05.09"]
[SourceQuality "1"]

1. e4 Nf6 2. e5 Nd5 3. d4 d6 4. c4 Nb6 5. exd6 cxd6 6. Nf3 Bg4 7. b3 e6 8. Be2 Be7 9. 0-0 Bf6 10. Be3 Nc6 11. Nc3 d5 12. a3 dxc4 13. bxc4 Bxf3 14. Bxf3 Nxc4 15. Bxc6+ bxc6 16. Qa4 Nxe3 17. Qxc6+ Kf8 18. fxe3 Rc8 19. Qb7 Rc7 20. Qb3 Bxd4 21. Rad1 Bxe3+ 22. Kh1 Qc8 23. Nb5 Rb7 24. Qxe3 Rxb5 25. Qxa7 Rb7 26. Rd8+ Qxd8 27. Qxb7 f5 28. g4 1/2-1/2

[Event "Baden-ch AT1"]
[Site "Oberwinden"]
[Date "2007.04.07"]
[Round "3"]
[White "Scheck, Clemens"]
[Black "Frank, Torsten"]
[Result "0-1"]
[WhiteElo "1267"]
[BlackElo "1547"]
[PlyCount "89"]
[EventDate "2007.04.06"]
[EventType "swiss"]
[EventRounds "11"]
[EventCountry "GER"]
[SourceTitle "CBM 117 Extra"]
[Source "ChessBase"]
[SourceDate "2007.05.09"]
[SourceVersion "1"]
[SourceVersionDate "2007.05.09"]
[SourceQuality "1"]

1. e4 e5 2. Nf3 d6 3. d4 Nd7 4. dxe5 dxe5 5. Nc3 Ngf6 6. Bc4 Be7 7. Bg5 c6 8. h3 Qc7 9. 0-0 0-0 10. Qe2 Nc5 11. Rfd1 b5 12. Bd3 Nxd3 13. cxd3 b4 14. Na4 Qa5 15. b3 Bd7 16. Rdc1 Rad8 17. Qe3 h6 18. Bh4 Rc8 19. Nc5 Be6 20. Nxe6 fxe6 21. Bg3 Nd7 22. Qd2 Bf6 23. a3 c5 24. axb4 Qxb4 25. Rxa7 Qxd2 26. Nxd2 Nb8 27. Nf3 Nc6 28. Ra6 Nb4 29. Rxe6 Nxd3 30. Rb1 Nf4 31. Bxf4 exf4 32. e5 Bd8 33. h4 Ba5 34. Kh2 Rf7 35. Ne1 Rb7 36. Nd3 c4 37. Nxf4 Rxb3 38. Nd5 Rxb1 39. Ra6 Bd8 40. g3 c3 41. Nxc3 Rxc3 42. Ra8 Rd1 43. e6 Rc7 44. f4 h5 45. f5 0-1

[Event "Baden-ch AT1"]
[Site "Oberwinden"]
[Date "2007.04.06"]
[Round "1"]
[White "Scheck, Clemens"]
[Black "Mendel, Markus"]
[Result "1/2-1/2"]
[WhiteElo "1267"]
[BlackElo "1645"]
[PlyCount "103"]
[EventDate "2007.04.06"]
[EventType "swiss"]
[EventRounds "11"]
[EventCountry "GER"]
[SourceTitle "CBM 117 Extra"]
[Source "ChessBase"]
[SourceDate "2007.05.09"]
[SourceVersion "1"]
[SourceVersionDate "2007.05.09"]
[SourceQuality "1"]

1. e4 d5 2. exd5 Qxd5 3. Nc3 Qa5 4. d4 c6 5. Nf3 Bg4 6. Be2 Nd7 7. 0-0 e6 8. Bf4 Ngf6 9. Ne5 Nxe5 10. Bxe5 Bxe2 11. Nxe2 Be7 12. Nf4 0-0 13. h4 Rfd8 14. Qf3 Nd7 15. Qh5 Nxe5 16. dxe5 g6 17. Qh6 Qxe5 18. Nd3 Qf6 19. g3 Rd4 20. h5 Qg5 21. Qxg5 Bxg5 22. hxg6 hxg6 23. Kg2 Rad8 24. f4 Be7 25. Rh1 Kg7 26. Kf3 f6 27. Rad1 c5 28. b3 c4 29. Nf2 Rxd1 30. Nxd1 cxb3 31. axb3 Rd2 32. Ne3 Bc5 33. Rc1 Ba3 34. Ra1 Bc5 35. Rc1 Bxe3 36. Kxe3 Rh2 37. b4 f5 38. c4 Kf6 39. Kf3 e5 40. fxe5+ Kxe5 41. Re1+ Kd4 42. Re7 g5 43. Rxb7 Ra2 44. Re7 g4+ 45. Kf4 Rf2+ 46. Kg5 f4 47. Kxg4 fxg3 48. Rd7+ Kxc4 49. Kxg3 Ra2 50. Rb7 Ra4 51. Kf3 a6 52. Rb6 1/2-1/2